Normal view
MARC view
Entry Corporate Name
001 - CONTROL NUMBER
- control field: 5099
003 - CONTROL NUMBER IDENTIFIER
- control field: ARRUPE
005 - DATE AND TIME OF LATEST TRANSACTION
- control field: 20131204125929.0
008 - FIXED-LENGTH DATA ELEMENTS
- fixed length control field: 131204|| aca||aabn | a|a d
040 ## - CATALOGING SOURCE
- Original cataloging agency: ARRUPE
- Transcribing agency: ARRUPE
110 ## - HEADING--CORPORATE NAME
- Corporate name or jurisdiction name as entry element: Great Britain.
- Subordinate unit: Royal Air Force.
670 ## - SOURCE DATA FOUND
- Source citation: Work cat.: (ARRUPE)0: Lawrence, T. E. (Thomas Edward), 1888-1935. 5098, The mint; a day-book of the R.A.F. Depot between August and December 1922., [1955]